|
|
|
|
| LEADER |
00000cam a2200000 a 4500 |
| 001 |
vtls001425909 |
| 003 |
SK-MaSNL |
| 005 |
20260302001757.0 |
| 008 |
250313s1980 xo f 000 0 slo |
| 015 |
|
|
|a SNBA1980
|
| 020 |
|
|
|q (brož.)
|
| 035 |
|
|
|a SNK000380831
|
| 035 |
|
|
|a urn:nbn:sk:snk-amjuf4
|
| 035 |
|
|
|a urn:nbn:sk:snk-am00815g
|
| 035 |
|
|
|a D84D82DC-F7B9-4809-87B3-BD6449194AAB
|
| 040 |
|
|
|a SNK
|b slo
|c SNK
|e AACR2
|
| 041 |
0 |
|
|a slo
|
| 044 |
|
|
|a xo
|c SK
|
| 080 |
|
|
|a 371.62/.63:3677.35:674.2(083)
|2 1981
|
| 080 |
|
|
|a 674.2:377.35:371.62/.63(083)
|2 1981
|
| 245 |
0 |
0 |
|a Normatív základného vybavenia dielní a pracovísk odborného výcviku pre učebný-študijný odbor 08-2 stolár, stolárka s odborným zameraním na 08-21-2 výrobu nábytku a zariadení, 08-22-2 stavebnú výrobu, 08-23-2 umelecké remeselné práce
|
| 250 |
|
|
|a 1. vyd.
|
| 260 |
|
|
|a Bratislava
|b Ministerstvo priemyslu SSR
|c 1980
|
| 300 |
|
|
|a 32 s.
|c 29 cm
|
| 650 |
0 |
7 |
|a stolárstvo
|2 SNKPH
|9 3608
|
| 650 |
0 |
7 |
|a odborný výcvik
|2 SNKPH
|9 69019
|
| 650 |
0 |
7 |
|a vybavenie dielní
|2 SNKPH
|9 339754
|
| 650 |
0 |
7 |
|a stredné odborné učilištia
|2 SNKPH
|9 30904
|
| 650 |
0 |
7 |
|a učebné odbory
|2 SNKPH
|9 72863
|
| 655 |
|
7 |
|a učebnice učňovských škôl
|2 SNKPH
|9 166734
|
| 852 |
|
|
|a Slovenská národná knižnica
|
| 958 |
|
|
|a OND
|
| 999 |
|
|
|c 985232
|d 987162
|
| 952 |
|
|
|a SNK
|b SNK
|y PREZ
|7 0
|p 17A1001040
|o snkSB 31627
|i snkKSP 3216/81
|0 0
|1 0
|4 0
|d 2012-07-24
|f 1
|l 0
|r 2025-04-07 00:00:00
|w 2026-02-24
|
| 952 |
|
|
|t P60, <04>, [BOOK], {604}
|a SNK
|b SNK
|y VYP
|7 0
|p 17A0323836
|o snkSB 31627 D1
|i snkKSP 3217/81
|0 0
|1 0
|4 0
|d 2001-12-12
|l 0
|r 2005-01-02 00:00:00
|w 2026-02-24
|